000 00568nam a22001697a 4500
005 20240122093556.0
008 240122b |||||||| |||| 00| 0 eng d
020 _a0409003301 ; 0409003905
041 _aEnglish
082 _a349 JOU
100 _aWA Joubert and TJ Scott
_lEnglish
245 _aThe Law of South Africa : Valuations to Water /
_cWA Joubert and TJ Scott
260 _aDurban :
_bButterworth Publishers (Pty) Ltd,
_c1993
300 _b165 pages ;
_c26,4 cm.
650 _aLegal practice
_bLaw
942 _cBK
_6ALISON_BN_VRIES
999 _c1266
_d1266